Periodic Table By First Two Letters - Statistics

General Stats
  • This quiz has been taken 318 times
  • The average score is 86 of 118
Answer Stats
# Symbol Element % Correct
48 Cd Cadmium
96%
20 Ca Calcium
96%
98 Cf Californium
96%
6 C Carbon
96%
2 He Helium
94%
97 Bk Berkelium
93%
4 Be Beryllium
93%
1 H Hydrogen
93%
3 Li Lithium
92%
116 Lv Livermorium
92%
28 Ni Nickel
91%
113 Nh Nihonium
91%
41 Nb Niobium
91%
7 N Nitrogen
91%
60 Nd Neodymium
90%
10 Ne Neon
90%
93 Np Neptunium
90%
14 Si Silicon
90%
47 Ag Silver
90%
107 Bh Bohrium
89%
5 B Boron
89%
79 Au Gold
88%
8 O Oxygen
87%
27 Co Cobalt
86%
112 Cn Copernicium
86%
29 Cu Copper
86%
84 Po Polonium
86%
19 K Potassium
86%
12 Mg Magnesium
84%
25 Mn Manganese
84%
50 Sn Tin
84%
22 Ti Titanium
84%
11 Na Sodium
83%
18 Ar Argon
82%
33 As Arsenic
82%
114 Fl Flerovium
81%
9 F Fluorine
81%
106 Sg Seaborgium
80%
34 Se Selenium
80%
17 Cl Chlorine
78%
24 Cr Chromium
78%
82 Pb Lead
78%
43 Tc Technetium
78%
52 Te Tellurium
78%
117 Ts Tennessine
78%
65 Tb Terbium
78%
13 Al Aluminium
77%
32 Ge Germanium
77%
57 La Lanthanum
76%
103 Lr Lawrencium
76%
109 Mt Meitnerium
76%
101 Md Mendelevium
76%
80 Hg Mercury
76%
78 Pt Platinum
76%
94 Pu Plutonium
76%
88 Ra Radium
76%
86 Rn Radon
76%
74 W Tungsten
76%
30 Zn Zinc
76%
40 Zr Zirconium
76%
64 Gd Gadolinium
75%
31 Ga Gallium
75%
16 S Sulfur
74%
77 Ir Iridium
73%
26 Fe Iron
73%
92 U Uranium
73%
23 V Vanadium
72%
56 Ba Barium
71%
55 Cs Cesium
71%
42 Mo Molybdenum
71%
115 Mc Moscovium
71%
54 Xe Xenon
71%
83 Bi Bismuth
70%
35 Br Bromine
70%
58 Ce Cerium
70%
37 Rb Rubidium
70%
44 Ru Ruthenium
70%
104 Rf Rutherfordium
70%
62 Sm Samarium
69%
46 Pd Palladium
68%
73 Ta Tantalum
68%
96 Cm Curium
67%
53 I Iodine
67%
36 Kr Krypton
67%
15 P Phosphorus
66%
99 Es Einsteinium
65%
100 Fm Fermium
64%
102 No Nobelium
64%
72 Hf Hafnium
63%
108 Hs Hassium
63%
111 Rg Roentgenium
63%
85 At Astatine
62%
110 Ds Darmstadtium
61%
95 Am Americium
59%
51 Sb Antimony
58%
87 Fr Francium
58%
71 Lu Lutetium
58%
38 Sr Strontium
58%
67 Ho Holmium
57%
105 Db Dubnium
56%
89 Ac Actinium
55%
59 Pr Praseodymium
55%
61 Pm Promethium
55%
91 Pa Protactinium
55%
75 Re Rhenium
54%
45 Rh Rhodium
54%
70 Yb Ytterbium
54%
39 Y Yttrium
54%
49 In Indium
52%
81 Tl Thallium
51%
90 Th Thorium
51%
69 Tm Thulium
51%
68 Er Erbium
50%
21 Sc Scandium
50%
76 Os Osmium
49%
118 Og Oganesson
47%
63 Eu Europium
45%
66 Dy Dysprosium
35%
No matching quizzes found
Score Distribution
Percent of People with Each Score
Percentile by Number Answered
Your Score History
You have not taken this quiz